| 000 | 00534nam a22001817a 4500 | ||
|---|---|---|---|
| 999 |
_c140871 _d140871 |
||
| 005 | 20181117121337.0 | ||
| 010 | _aENG-118573 | ||
| 020 |
_a817595728-X _c100.00 |
||
| 035 | _aEN-102105 | ||
| 037 | _bDBAD/PUB | ||
| 082 | _a881 | ||
| 245 |
_aA new book of Indian poems in English / _bedied by Gopi Krishan Kottoor |
||
| 260 |
_aCalcutta _bWriters Workshop _c2000 |
||
| 270 |
_a162/92,Lake Garden _bCalcutta _e700045 |
||
| 300 |
_a224p. _b22cm(Hb) |
||
| 700 | _a Kottoor,Gopi Krishan | ||
| 942 |
_2ddc _cEN _h881 _mKOT |
||